• 首页
  • 本馆介绍
  • 公告通知
  • 最新文献
  • 馆藏检索
  • 电子资源
  • 读者导购
  • 参考咨询
  • 我的图书馆
  • 登录
  • 详细信息显示
  • 放入我的书架
  • 预约/预借图书
  • 作者相关作品
  • 分类相关作品
  • 丛书相关作品
  • 出版社相关作品

书目信息

  • 表格格式
  • 工作单格式
  • 卡片格式
题名:
电子器件核加固基础
    
 
作者: 里基茨 著
分册:  
出版信息: 北京   国防工业出版社  1978
页数: 527页
开本: 20cm
丛书名:
单 册:
中图分类: TL1
科图分类:
主题词: 电子器件-辐射防护 , 辐射防护-电子器件 , 核技术--基础理论
电子资源:
ISBN:
000 00710nam0 2200241 45
001 0178002349
005 20060313102643.65
010    @dCNY2.10
091    @a15034.1661
100    @a19950731d1978 em y0chiy0121 ea
101 1  @achi@ceng
102    @aCN@b110000
105    @ay z 000yy
200 10 @a电子器件核加固基础@Adian zi qi jian he jia gu ji chu@f(美)L·W·里基茨著@F(mei)L·W·li ji ci zhu@g《电子器件核加固基础》翻译组译
210    @a北京@c国防工业出版社@d1978
215    @a527页@d20cm
606    @a电子器件-辐射防护
606    @a辐射防护-电子器件
606 0  @a核技术@x基础理论
690    @aTL1@v3 
701  0 @a里基茨@Ali ji ci@4著
801  0 @aCN@bTSSF@c20060313
905    @a10447@dTL1@e3
    
    电子器件核加固基础/(美)L·W·里基茨著/《电子器件核加固基础》翻译组译.-北京:国防工业出版社,1978
    527页;20cm
    
    
    ISBN :CNY2.10
    
●
相关链接 在E读中查询图书 在五车中查询图书 在当当中查询图书 在豆瓣中查询图书


正题名:电子器件核加固基础     索取号:TL1/3         预约/预借

序号 登录号 条形码 馆藏地/架位号 状态 备注
1 0008737   202203962   密集书库/ [索取号:TL1/3] 在馆    
2 0008740   202184171   密集书库/ [索取号:TL1/3] 在馆    
3 0008741   202203926   密集书库/ [索取号:TL1/3] 在馆    
唐山师范学院图书馆 欢迎您!
大连网信软件有限公司© 版权所有